000 00609nam a2200217 a 4500
001 61144
003 BD-RjUL
005 20211209080927.0
008 170115s1968 enk b 000 0 eng
035 _a(BD-RjUL)61268
040 _aDLC
_cDLC
_dBD-RjUL
_beng
041 _aeng
082 0 0 _a422
_223
_bWAO 1968
100 1 _aWagner, Geoffrey Atheling.
_9182445
245 1 0 _aOn the wisdom of words /
_cby Geoffrey Wagner.
260 _aPrinceton, N.J.,
_bVan Nostrand
_cc1968
300 _aiv, 345 p. ;
_c24 cm.
650 0 _aEnglish language
_xSemantics.
_9182446
942 _2ddc
_cBK
999 _c61144
_d61144